[Event "PRO League Group Stage"]
[Site "chess.com INT"]
[Date "2019.01.30"]
[Round "4"]
[White "Akobian, Varuzhan"]
[Black "Hansen, Eric"]
[Result "0-1"]
[WhiteTitle "GM"]
[BlackTitle "GM"]
[WhiteElo "2643"]
[BlackElo "2615"]
[WhiteTeam "Saint Louis Arch Bishops"]
[BlackTeam "Montreal Chessbrahs"]
[WhiteFideId "13300580"]
[BlackFideId "2606771"]
[EventDate "2019.01.08"]

1. d4 Nf6 2. c4 g6 3. Nc3 d5 4. Nf3 Bg7 5. Bf4 O-O 6. Rc1 Be6 7. cxd5 Nxd5 8.
Nxd5 Qxd5 9. a3 Qa5+ 10. Qd2 Qxd2+ 11. Kxd2 c6 12. e3 Rd8 13. Bc4 Bxc4 14. Rxc4
Nd7 15. Ke2 Nb6 16. Rb4 Rd7 17. Ne5 Bxe5 18. Bxe5 f6 19. Bg3 Kf7 20. Rc1 Rad8
21. Rc2 g5 22. a4 h5 23. h3 Nd5 24. Rb3 e6 25. a5 a6 26. e4 Ne7 27. f3 Ng6 28.
Rc4 e5 29. Rcb4 h4 30. Bh2 c5 31. Rxb7 cxd4 32. Rxd7+ Rxd7 33. Rb6 Ra7 34. Kd3
Nf8 35. b4 Nd7 36. Rc6 Rb7 37. Kc4 Nb8 38. Rc8 Ke7 39. Rc5 Kd7 40. Rd5+ Ke6 41.
Rc5 Rd7 42. Kd3 Rb7 43. Kc4 Kd7 44. Rd5+ Kc7 45. Rxd4 Nc6 46. Rd2 Rxb4+ 47. Kd5
Nd4 48. Bg1 Rb5+ 49. Kc4 Rxa5 50. Bxd4 Ra4+ 51. Kc5 exd4 52. Kd5 Kd7 53. Kc5 Ke6 0-1

[Event "PRO League Group Stage"]
[Site "chess.com INT"]
[Date "2019.01.30"]
[Round "4"]
[White "Kleinman, Michael"]
[Black "Bok, Benjamin"]
[Result "1-0"]
[WhiteTitle "IM"]
[BlackTitle "GM"]
[WhiteElo "2411"]
[BlackElo "2643"]
[WhiteTeam "Montreal Chessbrahs"]
[BlackTeam "Saint Louis Arch Bishops"]
[WhiteFideId "2609479"]
[BlackFideId "1017063"]
[EventDate "2019.01.08"]

1. e4 c5 2. Nf3 d6 3. Bb5+ Nd7 4. O-O a6 5. Bd3 Ngf6 6. Re1 e6 7. c3 b5 8. Bc2
c4 9. a4 Bb7 10. d4 cxd3 11. Qxd3 Nc5 12. Qe2 bxa4 13. e5 dxe5 14. Nxe5 Be7 15.
Nd2 O-O 16. Ndf3 Qb6 17. Be3 Qb5 18. c4 Qb4 19. Nd4 Rac8 20. Ra3 Rfd8 21. h3 Ba8
22. Rea1 Qb7 23. Ndf3 Nb3 24. Rxa4 Nxa1 25. Rxa1 Ne4 26. Nxf7 Kxf7 27. Ne5+ Kg8
28. Qg4 Rd6 29. c5 Qxb2 30. Rc1 Qxe5 31. cxd6 Bxd6 32. f4 Qf6 33. Qe2 Nc3 34.
Qd3 Be4 35. Qxd6 Ne2+ 36. Kf2 Nxc1 37. Bxe4 h6 38. Bd4 Qf7 39. Qe5 Nb3 40. Bb2
a5 41. Bb1 a4 42. Qe4 Qf5 43. Qb7 Qxb1 44. Qxg7# 1-0

[Event "PRO League Group Stage"]
[Site "chess.com INT"]
[Date "2019.01.30"]
[Round "4"]
[White "Bloomer, Josh"]
[Black "Rodrigue-Lemieux, Shawn"]
[Result "0-1"]
[BlackTitle "FM"]
[WhiteElo "1950"]
[BlackElo "2293"]
[WhiteTeam "Saint Louis Arch Bishops"]
[BlackTeam "Montreal Chessbrahs"]
[WhiteFideId "2020416"]
[BlackFideId "2620049"]
[EventDate "2019.01.08"]

1. e4 c6 2. d4 d5 3. exd5 cxd5 4. Bd3 Nc6 5. c3 Nf6 6. Ne2 g6 7. O-O Bg7 8. Bg5
O-O 9. Nd2 e5 10. dxe5 Nxe5 11. Bc2 Re8 12. Nd4 h6 13. Bh4 Qb6 14. Bb3 Bg4 15.
N2f3 Rad8 16. h3 Bc8 17. Nxe5 Rxe5 18. Bg3 Rh5 19. Re1 Ne4 20. Bf4 Qf6 21. Qf3
Ng5 22. Bxg5 Qxg5 23. Kf1 Qh4 24. Rad1 b6 25. Bc2 Bb7 26. Re3 Bf6 27. Rde1 Kg7
28. Bd3 Rd7 29. g4 Rg5 30. Qg2 Bxd4 31. cxd4 h5 32. f4 Rxg4 33. hxg4 hxg4 34. f5
Rd6 35. fxg6 Rf6+ 36. Kg1 Bc8 37. Re7 Be6 38. gxf7 Qxe1+ 39. Bf1 Qe3+ 40. Kh1
Rh6+ 41. Qh2 Qf3+ 42. Kg1 Rxh2 0-1

[Event "PRO League Group Stage"]
[Site "chess.com INT"]
[Date "2019.01.30"]
[Round "4"]
[White "Shankland, Samuel"]
[Black "Corrales Jimenez, Fidel"]
[Result "0-1"]
[WhiteTitle "GM"]
[BlackTitle "GM"]
[WhiteElo "2725"]
[BlackElo "2559"]
[WhiteTeam "San Francisco Mechanics"]
[BlackTeam "Minnesota Blizzard"]
[WhiteFideId "2004887"]
[BlackFideId "3506690"]
[EventDate "2019.01.08"]

1. d4 Nf6 2. c4 g6 3. Nc3 d5 4. Bg5 Bg7 5. e3 Ne4 6. Bh4 Nxc3 7. bxc3 c5 8. Nf3
Nc6 9. cxd5 Qxd5 10. Be2 cxd4 11. cxd4 Qa5+ 12. Qd2 Qxd2+ 13. Kxd2 e5 14. d5 Na5
15. Rac1 Bd7 16. Rc7 f6 17. Rhc1 g5 18. Nxg5 fxg5 19. Bxg5 h5 20. Bd3 O-O 21.
Rxd7 Rxf2+ 22. Be2 Rxg2 23. h4 b5 24. Rcc7 Bf8 25. Ke1 Nc4 26. Kf1 Rh2 27. Bxh5
Nb6 28. Rh7 Rc8 29. Rxc8 Nxc8 30. Rc7 Nd6 31. Bg4 Ne4 32. Be6+ Kh8 33. Be7 Bxe7
34. Rxe7 Rxa2 35. Bf5 Ng3+ 0-1

[Event "PRO League Group Stage"]
[Site "chess.com INT"]
[Date "2019.01.30"]
[Round "4"]
[White "Henriquez Villagra, Cristobal"]
[Black "Naroditsky, Daniel"]
[Result "1/2-1/2"]
[WhiteTitle "GM"]
[BlackTitle "GM"]
[WhiteElo "2504"]
[BlackElo "2616"]
[WhiteTeam "Minnesota Blizzard"]
[BlackTeam "San Francisco Mechanics"]
[WhiteFideId "3409350"]
[BlackFideId "2026961"]
[EventDate "2019.01.08"]

1. d4 Nf6 2. Nf3 g6 3. Bf4 Bg7 4. e3 O-O 5. h3 d6 6. Nbd2 c5 7. c3 Nbd7 8. Bh2
b6 9. Be2 Bb7 10. O-O Ne4 11. a4 a6 12. Qb3 Nxd2 13. Nxd2 Qc7 14. Rfd1 Rab8 15.
Qa3 Qc6 16. Bf3 Qc7 17. Be2 Qc6 18. Bf3 Qc7 19. Be2 1/2-1/2

[Event "PRO League Group Stage"]
[Site "chess.com INT"]
[Date "2019.01.30"]
[Round "4"]
[White "Hong, Andrew"]
[Black "Tang, Andrew"]
[Result "0-1"]
[WhiteTitle "FM"]
[BlackTitle "GM"]
[WhiteElo "2390"]
[BlackElo "2487"]
[WhiteTeam "San Francisco Mechanics"]
[BlackTeam "Minnesota Blizzard"]
[WhiteFideId "2099438"]
[BlackFideId "2059630"]
[EventDate "2019.01.08"]

1. e4 e5 2. Nf3 Nc6 3. Bb5 a6 4. Ba4 Nf6 5. O-O d6 6. Bxc6+ bxc6 7. d4 exd4 8.
Nxd4 c5 9. Nc6 Qd7 10. Na5 Qa4 11. Bd2 Be7 12. Nc3 Qxa5 13. Nd5 Qa4 14. Nxc7+
Kf8 15. Nxa8 Qc6 16. Re1 Bg4 17. f3 Be6 18. e5 dxe5 19. Rxe5 Qxa8 20. Be3 Qc6
21. Qd2 Bd6 22. Qxd6+ Qxd6 23. Bxc5 Ke7 24. Rd1 Qxc5+ 25. Rxc5 Rb8 26. b3 g6 27.
Rc6 a5 28. Ra6 Rb5 29. Ra7+ Nd7 30. Kf2 Kd8 31. Rd6 Kc8 32. c4 Re5 33. Rda6 Nc5
34. Rxa5 Nd3+ 35. Kg3 Re2 36. Re7 Kd8 37. Rb7 Kc8 38. Re7 Kd8 39. Rea7 Ne1 40.
Kf4 h6 41. h4 f5 42. g4 Nd3+ 43. Kg3 f4+ 44. Kh3 Ne1 45. Rh7 Nxf3 46. Ra8+ Bc8
47. Rh8+ Ke7 48. Ra7+ Bd7 49. Rh7+ Kf6 50. Ra6+ Be6 51. Rxe6+ Kxe6 52. g5 h5 53.
Rxh5 gxh5 0-1

[Event "PRO League Group Stage"]
[Site "chess.com INT"]
[Date "2019.01.30"]
[Round "4"]
[White "Bartholomew, John"]
[Black "Stearman, Josiah"]
[Result "1-0"]
[WhiteTitle "IM"]
[BlackTitle "FM"]
[WhiteElo "2439"]
[BlackElo "2298"]
[WhiteTeam "Minnesota Blizzard"]
[BlackTeam "San Francisco Mechanics"]
[WhiteFideId "2019353"]
[BlackFideId "2062496"]
[EventDate "2019.01.08"]

1. d4 d5 2. c4 c6 3. cxd5 cxd5 4. Nf3 Nf6 5. Nc3 Nc6 6. Bf4 Bf5 7. e3 e6 8. Qb3
Bb4 9. Bb5 O-O 10. O-O Qe7 11. Bxc6 bxc6 12. Na4 Ne4 13. h3 Bd6 14. Bxd6 Qxd6
15. Rfc1 Rab8 16. Qd1 Rfc8 17. Nd2 e5 18. Nxe4 Bxe4 19. b3 exd4 20. exd4 Re8 21.
Nc5 Bf5 22. Qd2 Qg6 23. Rc3 Re7 24. Rg3 Qf6 25. Qf4 Rbe8 26. Rf3 h6 27. Kh2 g6
28. g4 Re4 29. Nxe4 dxe4 30. Re1 Qd8 31. Rfe3 Be6 32. Rxe4 Kh7 33. Rxe6 fxe6 34.
Qf7+ Kh8 35. Qxg6 Qd6+ 36. Re5 Qf8 37. Kg3 Re7 38. Rh5 Rh7 39. Qxe6 Rg7 40.
Qxh6+ Kg8 41. Qh8+ Kf7 42. Rf5+ 1-0

[Event "PRO League Group Stage"]
[Site "chess.com INT"]
[Date "2019.01.30"]
[Round "4"]
[White "Sevian, Samuel"]
[Black "Erenburg, Sergey"]
[Result "1/2-1/2"]
[WhiteTitle "GM"]
[BlackTitle "GM"]
[WhiteElo "2647"]
[BlackElo "2589"]
[WhiteTeam "Montclair Sopranos"]
[BlackTeam "Pittsburgh Pawngrabbers"]
[WhiteFideId "2040506"]
[BlackFideId "2805642"]
[EventDate "2019.01.08"]

1. e4 c6 2. d4 d5 3. e5 Bf5 4. h4 h5 5. Bd3 Bxd3 6. Qxd3 e6 7. Bg5 Be7 8. Nf3
Nh6 9. Nbd2 Nf5 10. c3 Nd7 11. g3 c5 12. Kf1 cxd4 13. cxd4 Nb8 14. Kg2 Nc6 15.
Rac1 Rc8 16. Nb3 g6 17. Rc3 Kf8 18. Rhc1 Bxg5 19. Nxg5 Kg7 20. a3 Qb6 21. Nf3
Qd8 22. Nc5 Qe7 23. b4 Rhd8 24. Nb3 a6 25. Nc5 Nb8 26. R1c2 Kg8 27. Qd2 Rc6 28.
a4 Rdc8 29. a5 R8c7 30. Qd3 Nd7 31. Ng5 Nxc5 32. bxc5 Rd7 33. Rb3 Qd8 34. Rcb2
Rcc7 35. Rb6 Qc8 36. R2b4 Rc6 37. Rxc6 Qxc6 38. Rb6 Qc8 39. Nf3 Rc7 40. Qb3 Qd7
41. Qb4 Qc8 42. Ne1 Qd7 43. Nd3 Qc8 44. Qb2 Qd7 45. Nb4 Qa4 46. c6 bxc6 47. Nxa6
Ra7 48. Rb8+ Kg7 49. Qb6 Qxd4 50. Qd8 Nxh4+ 51. Kg1 Nf3+ 52. Kg2 Nh4+ 53. Kh3
Qg4+ 54. Kh2 Nf3+ 55. Kg2 Nh4+ 56. Kg1 Nf3+ 57. Kf1 Qc4+ 58. Kg2 Nh4+ 59. Kh2
Nf3+ 60. Kg2 Nh4+ 61. gxh4 Qg4+ 62. Kh2 Qf4+ 63. Kg2 Qg4+ 64. Kh1 Qh3+ 65. Kg1
Qg4+ 66. Kf1 Qd1+ 67. Kg2 Qg4+ 1/2-1/2

[Event "PRO League Group Stage"]
[Site "chess.com INT"]
[Date "2019.01.30"]
[Round "4"]
[White "Shabalov, Alexander"]
[Black "Lenderman, Aleksandr"]
[Result "0-1"]
[WhiteTitle "GM"]
[BlackTitle "GM"]
[WhiteElo "2529"]
[BlackElo "2637"]
[WhiteTeam "Pittsburgh Pawngrabbers"]
[BlackTeam "Montclair Sopranos"]
[WhiteFideId "2008572"]
[BlackFideId "2021285"]
[EventDate "2019.01.08"]

1. c4 e6 2. Nc3 d5 3. d4 a6 4. e3 Nf6 5. Nf3 c5 6. cxd5 exd5 7. Bd3 Nc6 8. O-O
Bd6 9. dxc5 Bxc5 10. b3 O-O 11. Bb2 Bg4 12. Rc1 Ba7 13. Ne2 Bxf3 14. gxf3 d4 15.
e4 Ne5 16. Ng3 Ng6 17. Re1 Nd7 18. Bf1 Nde5 19. Bg2 Nf4 20. Bf1 Qf6 21. Rc7 Ne6
22. f4 Qxf4 23. Rxb7 Nf3+ 24. Kg2 Neg5 25. Re2 Qh4 0-1

[Event "PRO League Group Stage"]
[Site "chess.com INT"]
[Date "2019.01.30"]
[Round "4"]
[White "Canty, James"]
[Black "Foisor, Sabina-Francesca"]
[Result "1-0"]
[BlackTitle "WGM"]
[WhiteElo "2222"]
[BlackElo "2276"]
[WhiteTeam "Pittsburgh Pawngrabbers"]
[BlackTeam "Montclair Sopranos"]
[WhiteFideId "2055945"]
[BlackFideId "1212915"]
[EventDate "2019.01.08"]

1. e4 c6 2. d4 d5 3. exd5 cxd5 4. Bd3 Nf6 5. c3 Nc6 6. Bf4 g6 7. Nd2 Bg7 8. Ngf3
O-O 9. h3 a6 10. Qe2 b5 11. O-O Na5 12. Rfe1 Ra7 13. Ne5 Bb7 14. a4 Nc4 15. axb5
Nxb2 16. bxa6 Nxd3 17. Qxd3 Ba8 18. Reb1 Ne4 19. Nxe4 dxe4 20. Qc4 Qc8 21. Qa2
e6 22. Qa5 Qd8 23. Qb4 Qd5 24. Be3 f5 25. Ra5 Qd8 26. d5 Bxe5 27. Bxa7 Bxd5 28.
Bc5 Re8 29. a7 Qg5 30. Bd6 e3 31. Rxd5 exf2+ 32. Kf1 exd5 33. Qb5 Qd8 34. Qxd5+
Kg7 35. Bxe5+ Kh6 36. Qxd8 Rxd8 37. Bb8 1-0

[Event "PRO League Group Stage"]
[Site "chess.com INT"]
[Date "2019.01.30"]
[Round "4"]
[White "Checa, Nicolas"]
[Black "Le, Tuan Minh"]
[Result "1-0"]
[WhiteTitle "IM"]
[BlackTitle "IM"]
[WhiteElo "2508"]
[BlackElo "2515"]
[WhiteTeam "Montclair Sopranos"]
[BlackTeam "Pittsburgh Pawngrabbers"]
[WhiteFideId "2069342"]
[BlackFideId "12401153"]
[EventDate "2019.01.08"]

1. d4 d5 2. c4 c6 3. Nf3 Nf6 4. Nc3 a6 5. cxd5 cxd5 6. Bf4 e6 7. e3 Bd6 8. Bg3
O-O 9. Bd3 b5 10. Rc1 Bb7 11. a3 Qe7 12. Bh4 Nbd7 13. O-O Rfc8 14. Qe2 Qf8 15.
Rc2 Rc7 16. Rfc1 Rac8 17. Bg3 Nb6 18. Bxd6 Qxd6 19. Ne5 Nc4 20. f4 g6 21. Nd1
Qb6 22. Nf2 Nd6 23. g4 Nfe4 24. g5 Kg7 25. Bxe4 dxe4 26. b4 Bd5 27. Rc5 a5 28.
h4 axb4 29. axb4 Nb7 30. Qb2 Nd6 31. h5 gxh5 32. Qe2 Qa7 33. Qxh5 Rxc5 34. dxc5
Nf5 35. Nfg4 Rf8 36. Qh2 Qa3 37. Qd2 Rd8 38. Qc3 Qxc3 39. Rxc3 Ra8 40. c6 Ra1+
41. Kf2 Nd6 42. Rc5 Ra2+ 43. Ke1 Ra1+ 44. Kd2 Ra2+ 45. Rc2 Ra4 46. Kc3 Kf8 47.
Kd4 Ke7 48. Kc5 Ra3 49. Rh2 Rc3+ 50. Kb6 Nc4+ 51. Nxc4 bxc4 52. c7 1-0

[Event "PRO League Group Stage"]
[Site "chess.com INT"]
[Date "2019.01.30"]
[Round "4"]
[White "Zhao, Jun"]
[Black "Robson, Ray"]
[Result "1/2-1/2"]
[WhiteTitle "GM"]
[BlackTitle "GM"]
[WhiteElo "2610"]
[BlackElo "2667"]
[WhiteTeam "Chengdu Pandas"]
[BlackTeam "Webster Windmills"]
[WhiteFideId "8602522"]
[BlackFideId "2023970"]
[EventDate "2019.01.08"]

1. Nf3 Nf6 2. g3 g6 3. Bg2 Bg7 4. O-O O-O 5. c4 c6 6. d4 d5 7. cxd5 cxd5 8. Nc3
Ne4 9. Ne5 Nxc3 10. bxc3 Nc6 11. Nxc6 bxc6 12. Qa4 Qb6 13. Ba3 Qa6 14. Qxa6 Bxa6
15. Rfe1 Rfe8 16. e3 e6 17. Bf1 Bxf1 18. Kxf1 Bf8 19. Bxf8 Kxf8 20. Reb1 Reb8
21. Rb3 Rb6 22. Rab1 Rab8 23. Ke2 Ke7 24. Kd3 Kd6 25. c4 Rxb3+ 26. axb3 c5 27.
cxd5 Kxd5 28. dxc5 Kxc5 29. Kc3 1/2-1/2

[Event "PRO League Group Stage"]
[Site "chess.com INT"]
[Date "2019.01.30"]
[Round "4"]
[White "Ashwin, Jayaram"]
[Black "Bai, Jinshi"]
[Result "1/2-1/2"]
[WhiteTitle "GM"]
[BlackTitle "GM"]
[WhiteElo "2500"]
[BlackElo "2572"]
[WhiteTeam "Webster Windmills"]
[BlackTeam "Chengdu Pandas"]
[WhiteFideId "5018137"]
[BlackFideId "8602280"]
[EventDate "2019.01.08"]

1. d4 Nf6 2. Nf3 d5 3. c4 c6 4. e3 g6 5. Nc3 Bg7 6. Be2 O-O 7. O-O dxc4 8. Bxc4
Bg4 9. h3 Bxf3 10. Qxf3 Nbd7 11. Rd1 e5 12. d5 e4 13. Nxe4 Nxe4 14. Qxe4 Nb6 15.
Bb3 cxd5 16. Qf3 Qf6 17. Qxf6 Bxf6 18. Rb1 a5 19. Bxd5 Nxd5 20. Rxd5 Rfd8 21. e4
Rxd5 22. exd5 Rd8 23. Bh6 Rxd5 24. Rc1 Bd8 25. Rc8 f6 26. Be3 Kf7 27. Kf1 Rd7
28. Ke2 h5 29. g4 hxg4 30. hxg4 Ke6 31. Rc5 Rd5 32. Rxd5 Kxd5 33. Kd3 b5 34. b3
a4 35. f3 Ba5 36. Bd4 f5 37. gxf5 gxf5 38. Be3 Bb4 39. Bd4 Bd6 40. Bc3 Bc5 41.
Bf6 Bb4 42. Bd4 Bd2 43. Bf6 Bf4 44. Bd4 Bd2 45. Bf6 Bf4 46. Bd4 Bd2 1/2-1/2

[Event "PRO League Group Stage"]
[Site "chess.com INT"]
[Date "2019.01.30"]
[Round "4"]
[White "Li, Di"]
[Black "Boros, Denes"]
[Result "0-1"]
[WhiteTitle "IM"]
[BlackTitle "GM"]
[WhiteElo "2488"]
[BlackElo "2442"]
[WhiteTeam "Chengdu Pandas"]
[BlackTeam "Webster Windmills"]
[WhiteFideId "8607508"]
[BlackFideId "722340"]
[EventDate "2019.01.08"]

1. d4 e6 2. Nf3 f5 3. g3 Nf6 4. Bg2 c6 5. O-O d5 6. b3 Bd6 7. c4 Qe7 8. Bb2 b6
9. Qc1 Bb7 10. Ba3 Nbd7 11. Bxd6 Qxd6 12. Qb2 O-O 13. Nbd2 Ne4 14. Rfd1 a5 15.
a3 Qe7 16. Ne1 c5 17. Ndf3 cxd4 18. cxd5 e5 19. e3 Nc3 20. d6 Qf6 21. Rdc1 Nd5
22. exd4 e4 23. Ne5 Qxd6 24. Nc2 Rac8 25. Nxd7 Qxd7 26. Ne3 f4 27. Nc4 e3 28.
Ne5 Qe6 29. Rxc8 Qxc8 30. f3 Qc3 31. Qxc3 Nxc3 32. Bh3 Rd8 33. Bd7 fxg3 34. Re1
gxh2+ 35. Kxh2 e2 36. Kg3 Bc8 37. Bxc8 Rxc8 38. Kf2 b5 39. b4 axb4 40. axb4 Kf8
41. Ra1 Ke7 42. Ra7+ Kf6 43. Rf7+ Ke6 44. Rxg7 Ra8 45. Rc7 Ra1 46. Nd3 Rf1+ 47.
Kg3 Nd5 48. Rc6+ Kf7 49. Rc5 Nxb4 50. Rf5+ Kg6 51. Re5 Rg1+ 52. Kh2 Nxd3 53.
Rxe2 Rg5 54. Rd2 Nf4 55. d5 Rxd5 56. Rb2 Kf5 57. Kg3 Kg5 58. Rh2 h5 59. Ra2 h4+
60. Kf2 Re5 61. Rb2 Nd3+ 0-1

[Event "PRO League Group Stage"]
[Site "chess.com INT"]
[Date "2019.01.30"]
[Round "4"]
[White "Grabinsky, Aaron"]
[Black "Zhai, Mo"]
[Result "1-0"]
[BlackTitle "WGM"]
[WhiteElo "2350"]
[BlackElo "2365"]
[WhiteTeam "Webster Windmills"]
[BlackTeam "Chengdu Pandas"]
[WhiteFideId "2087090"]
[BlackFideId "8600201"]
[EventDate "2019.01.08"]

1. e4 c6 2. Nc3 d5 3. Nf3 dxe4 4. Nxe4 Nf6 5. Qe2 Nxe4 6. Qxe4 Qd5 7. Qh4 Qe6+
8. Be2 Qg4 9. Qg3 Qxg3 10. hxg3 Nd7 11. b3 Nf6 12. Bb2 Bf5 13. O-O-O O-O-O 14.
Ne5 Be6 15. f4 Rg8 16. Bf3 g6 17. g4 h6 18. f5 gxf5 19. gxf5 Bd5 20. c4 Bxf3 21.
gxf3 Bg7 22. Nxf7 Rdf8 23. Ne5 Nd7 24. Ng6 Rf7 25. Rde1 Kd8 26. Bxg7 Rgxg7 27.
Rxh6 Rxf5 28. Nh4 Rf4 29. Re4 Rxe4 30. fxe4 Nc5 31. Nf5 Rf7 32. Ng3 Rg7 33. Rh3
Rg4 34. Kc2 Nxe4 35. Rh8+ Kd7 36. Nxe4 Rxe4 37. Ra8 a6 38. Kc3 c5 39. Rb8 Kc7
40. Rh8 Rg4 41. Rh5 Kc6 42. Rh6+ Kc7 43. Re6 Kd7 44. Rb6 Kc7 45. Rh6 Kd7 46. d3
Rg3 47. a3 a5 48. Rb6 Kc7 49. Re6 Kd7 50. Re5 b6 51. Rd5+ Kc6 52. b4 axb4+ 53.
axb4 cxb4+ 54. Kxb4 Re3 55. d4 Re1 56. Rh5 Rb1+ 57. Kc3 Rc1+ 58. Kd3 Rd1+ 59.
Ke3 Rc1 60. Rh6+ Kc7 61. Kd3 Rd1+ 62. Ke4 Rg1 63. Re6 Rg4+ 64. Kd5 Rg7 65. Ke4
Rg4+ 66. Kd3 Rg3+ 67. Kc2 Rg7 68. Kc3 Rg3+ 69. Kb4 Rg4 70. d5 Rg1 71. Rxe7+ Kd6
72. Re6+ Kc7 73. Re3 Rb1+ 74. Kc3 Rc1+ 75. Kd4 Kd6 76. Re6+ Kc7 77. Rc6+ Kb7 78.
Rh6 Kc7 79. Rh7+ Kd6 80. Rh6+ Kc7 81. Rc6+ Kb7 82. Ke5 Rh1 83. Rf6 Rc1 84. Rf7+
Kc8 85. Rf8+ Kb7 86. Rf4 Kc7 87. Re4 Kd7 88. Rh4 Re1+ 89. Kd4 Rd1+ 90. Kc3 Rc1+
91. Kb3 Rb1+ 92. Ka4 Kc7 93. Rh7+ Kd6 94. Rh6+ Kd7 95. Rc6 Rb2 96. Ka3 Rb1 97.
Ka2 Rb4 98. Ka3 Rb1 99. Rh6 Kc7 100. Rh3 Rc1 101. Kb4 Rb1+ 102. Rb3 Rc1 103. Kb5
Rc2 104. Rb4 Rd2 105. Rb3 Rd1 106. Ka6 Ra1+ 107. Kb5 Rd1 108. Rg3 Rb1+ 109. Ka4
Kd6 110. Rb3 Ra1+ 111. Kb5 Kc7 112. d6+ Kxd6 113. Kxb6 Rc1 114. Rd3+ Ke7 115. c5
Rb1+ 116. Kc7 Rc1 117. c6 Ke6 118. Kb7 Rb1+ 119. Kc8 Ke7 120. c7 Rb2 121. Re3+
Kf7 122. Re4 Rb3 123. Kd7 Rd3+ 124. Kc6 Rc3+ 125. Kd6 Rc1 126. Re5 Rd1+ 127. Rd5
Rc1 128. Rc5 Rd1+ 129. Kc6 1-0

[Event "PRO League Group Stage"]
[Site "chess.com INT"]
[Date "2019.01.30"]
[Round "4"]
[White "Demchenko, Anton"]
[Black "Sarana, Alexey"]
[Result "1/2-1/2"]
[WhiteTitle "GM"]
[BlackTitle "GM"]
[WhiteElo "2679"]
[BlackElo "2630"]
[WhiteTeam "New York Marshalls"]
[BlackTeam "Australia Kangaroos"]
[WhiteFideId "4160258"]
[BlackFideId "24133795"]
[EventDate "2019.01.08"]

1. e4 c5 2. Nf3 d6 3. d4 cxd4 4. Qxd4 Nc6 5. Qe3 g6 6. Be2 Bg7 7. O-O Nf6 8. Rd1
Be6 9. h3 O-O 10. Nc3 Qc7 11. a3 Rac8 12. Rb1 a6 13. Nd5 Bxd5 14. exd5 Na5 15.
c3 Nb3 16. Qd3 Nd7 17. Bg5 Ndc5 18. Qc2 b5 19. Re1 Rfe8 20. Bf1 Qd7 21. Re3 e5
22. dxe6 fxe6 23. Rd1 d5 24. Ne5 Qa7 25. Ng4 Rf8 26. Ree1 d4 27. cxd4 Nxd4 28.
Qb1 Nf5 29. Qa2 Nd4 30. Be3 Nc2 31. b4 Nxe3 32. Rxe3 Na4 33. Qxe6+ Kh8 34. Rd7
Rc7 35. Red3 Nb6 36. Rd8 Rf7 37. Rxf8+ Rxf8 38. Rd6 Nc4 39. Bxc4 bxc4 40. Qxc4
a5 41. Ra6 Qe7 42. Qe6 Qxe6 43. Rxe6 axb4 44. axb4 Rb8 45. Re4 Bf8 46. Nf6 Rxb4
47. Rxb4 Bxb4 48. Nd5 Bc5 49. g3 Kg7 50. Kg2 Kf7 51. Kf3 Ke6 52. Nf4+ Kf5 53.
g4+ Kf6 54. Nd3 Bd6 55. Nc1 Kg5 56. Nb3 h5 57. Nd2 hxg4+ 58. hxg4 Be5 59. Nc4
Bb8 60. Nd2 Bc7 61. Ne4+ Kh4 62. Nf6 Be5 63. Nd5 Bd6 64. Nf4 Kg5 65. Ne6+ Kh4
66. Nf4 Kg5 67. Ng2 Bb8 68. Ne3 Bf4 69. Nc2 Bd6 70. Ne1 Bb8 71. Nd3 Bd6 72. Nb2
Bb8 73. Nc4 Bc7 74. Nd2 Kh4 75. Nb3 Be5 76. Nc5 Bb8 77. Nd7 Bd6 78. Nf6 Be5 79.
Nd5 Bd6 80. Nf4 Kg5 81. Ne2 Kh4 82. Nc3 Be5 83. Ne4 Bb8 84. Nf6 Be5 1/2-1/2

[Event "PRO League Group Stage"]
[Site "chess.com INT"]
[Date "2019.01.30"]
[Round "4"]
[White "Kuybokarov, Temur"]
[Black "Azarov, Sergei"]
[Result "0-1"]
[WhiteTitle "IM"]
[BlackTitle "GM"]
[WhiteElo "2513"]
[BlackElo "2575"]
[WhiteTeam "Australia Kangaroos"]
[BlackTeam "New York Marshalls"]
[WhiteFideId "14203049"]
[BlackFideId "13501470"]
[EventDate "2019.01.08"]

1. d4 Nf6 2. Nf3 d5 3. c4 e6 4. Nc3 Be7 5. Bg5 h6 6. Bxf6 Bxf6 7. e3 O-O 8. Rc1
c6 9. Bd3 Nd7 10. O-O dxc4 11. Bxc4 c5 12. Qe2 cxd4 13. exd4 Nb6 14. Bb3 Bd7 15.
Ne5 Bc6 16. Ne4 Rc8 17. Rfd1 Qe7 18. Rc3 Rfd8 19. Nc5 Nd5 20. Rf3 Bxe5 21. Qxe5
Qg5 22. Qxg5 hxg5 23. Rg3 Nf4 24. Rxg5 b6 25. Na4 Ne2+ 26. Kf1 Nxd4 27. Ke1 Nxb3
28. Rxd8+ Rxd8 29. axb3 Rd4 30. Rg3 Bxa4 31. bxa4 Rxa4 32. Kd2 f6 33. Rc3 e5 34.
f3 Ra1 35. Ke3 Rb1 36. Rc2 Kh7 37. Kf2 a5 38. g4 a4 39. Kg3 b5 40. Kh4 Kg6 41.
Kg3 b4 42. h4 Kf7 43. h5 Ke6 44. Kh4 Kd5 45. Kg3 b3 46. Rd2+ Kc4 47. Kg2 Rxb2
48. Rxb2 a3 49. Rd2 a2 0-1

[Event "PRO League Group Stage"]
[Site "chess.com INT"]
[Date "2019.01.30"]
[Round "4"]
[White "Bykhovsky, Anatoly"]
[Black "Cheng, Bobby"]
[Result "0-1"]
[WhiteTitle "GM"]
[BlackTitle "IM"]
[WhiteElo "2496"]
[BlackElo "2520"]
[WhiteTeam "New York Marshalls"]
[BlackTeam "Australia Kangaroos"]
[WhiteFideId "2806991"]
[BlackFideId "4300033"]
[EventDate "2019.01.08"]

1. d4 d5 2. c4 e6 3. Nc3 Be7 4. Nf3 Nf6 5. Bg5 h6 6. Bh4 O-O 7. e3 b6 8. Qb3 Bb7
9. Rd1 Nbd7 10. cxd5 Nxd5 11. Bg3 c5 12. Bc4 cxd4 13. Nxd4 Nc5 14. Qc2 Nxc3 15.
Qxc3 Ne4 16. Qb3 Nxg3 17. hxg3 Qd6 18. O-O Qb4 19. Qxb4 Bxb4 20. a3 Bc5 21. Nxe6
fxe6 22. b4 Bxe3 23. fxe3 Rxf1+ 24. Kxf1 Rf8+ 25. Kg1 Bc8 26. Rd6 Kf7 27. Rc6
Kf6 28. Rc7 a5 29. Rc6 axb4 30. axb4 Ke5 31. Rxb6 Ke4 32. Bxe6 Rf6 33. Rc6 Bxe6
34. Rc7 g5 35. b5 Bd5 36. Re7+ Re6 37. Rd7 Ke5 38. Kf2 Rf6+ 39. Ke2 Bc4+ 0-1